[Event "Guernsey Open 2011"]
[Site "Guernsey, Channel Islands"]
[Date "2011.10.17"]
[Round "2"]
[White "Bakker, Joop PA"]
[Black "Bridel, Jon"]
[Result "1-0"]
[WhiteElo "1986"]
[BlackElo "1775"]
[PlyCount "59"]
[EventDate "2011.10.16"]
[SourceDate "2011.11.07"]

1. b3 b6 2. Bb2 Bb7 3. c4 c5 4. e3 e6 5. Nf3 Nf6 6. d4 Nc6 7. Be2 Be7 8. O-O
Qc7 9. Nc3 a6 10. d5 exd5 11. cxd5 Ne5 12. e4 Nxf3+ 13. Bxf3 Bd6 14. g3 h5 15.
Re1 Be5 16. Na4 Bxb2 17. Nxb2 d6 18. e5 dxe5 19. d6 Qc8 20. Rxe5+ Kf8 21. Re7
Bxf3 22. Qxf3 h4 23. Rae1 hxg3 24. fxg3 Rb8 25. d7 Qc7 26. Qe2 g6 27. Qf3 Kg7
28. R1e6 Rhf8 29. Qxf6+ Kg8 30. Rxf7 1-0

[Event "Guernsey Open 2011"]
[Site "Guernsey, Channel Islands"]
[Date "2011.10.17"]
[Round "2"]
[White "Reutimann, Hans Peter"]
[Black "Spanton, Timothy"]
[Result "1-0"]
[WhiteElo "1791"]
[BlackElo "1980"]
[PlyCount "85"]
[EventDate "2011.10.16"]
[SourceDate "2011.11.07"]

1. d4 d5 2. Nf3 Nc6 3. Bf4 Bg4 4. Nbd2 e6 5. c3 Bd6 6. Ne5 Nxe5 7. dxe5 Bc5 8.
Qa4+ c6 9. e3 b5 10. Bxb5 cxb5 11. Qxb5+ Qd7 12. Qxc5 Rb8 13. Nb3 a5 14. Qxa5
Ne7 15. Qa6 O-O 16. Qd3 Ng6 17. O-O Nxf4 18. exf4 f6 19. h3 Bf5 20. Qd2 Qc7 21.
Rfe1 fxe5 22. Rxe5 Be4 23. Nd4 Qb6 24. b3 Rf6 25. Kh2 Rbf8 26. g3 h6 27. f3 Bh7
28. Rae1 Kf7 29. Qe3 Qa6 30. a4 Rc8 31. Nxe6 Bc2 32. Nd4 Bxb3 33. Nxb3 Qxa4 34.
Nd4 Ra6 35. g4 Qc4 36. Re7+ Kg8 37. Re8+ Rxe8 38. Qxe8+ Kh7 39. Qe3 Ra2+ 40.
Kg3 Ra3 41. Nf5 Qxc3 42. Qxc3 Rxc3 43. Rd1 1-0

[Event "Guernsey Open 2011"]
[Site "Guernsey, Channel Islands"]
[Date "2011.10.18"]
[Round "3"]
[White "Sulskis, Sarunas"]
[Black "Cornelisse, Johnny JA"]
[Result "1/2-1/2"]
[WhiteElo "2577"]
[BlackElo "2217"]
[PlyCount "168"]
[EventDate "2011.10.16"]
[SourceDate "2011.11.07"]

1. c4 e5 2. Nc3 Nc6 3. g4 h5 4. gxh5 Nf6 5. Nd5 Bc5 6. e3 d6 7. Ne2 Bg4 8. Rg1
Bxh5 9. Rxg7 Bg6 10. Nec3 Kf8 11. Rxg6 fxg6 12. h3 Kg7 13. a3 a5 14. b3 Nxd5
15. cxd5 Ne7 16. Bb2 Nf5 17. Ne4 Bb6 18. Qg4 Qh4 19. Qxh4 Rxh4 20. Bg2 Kf7 21.
Ke2 Ke7 22. Rc1 Rf8 23. Nc3 Kd7 24. Na4 Rh7 25. Nc3 Nh4 26. Be4 Nf5 27. Rh1
Rfh8 28. Rg1 Rxh3 29. Rxg6 Ne7 30. Rg7 Ke8 31. Rg1 Rg8 32. Rxg8+ Nxg8 33. Bf5
Rh2 34. Bc8 c6 35. Bxb7 cxd5 36. Bxd5 Nf6 37. Bf3 Bd8 38. d3 Kd7 39. Kf1 Rh8
40. b4 axb4 41. axb4 Bb6 42. b5 Ke6 43. Bc6 Rf8 44. Ke2 Ng4 45. Bf3 Nf6 46. Bc6
Rh8 47. d4 Nd7 48. Bxd7+ Kxd7 49. dxe5 dxe5 50. Nd5 Rb8 51. Bxe5 Rb7 52. f4 Ba5
53. e4 Rxb5 54. f5 Bb4 55. Bg7 Ba3 56. Kf3 Rb3+ 57. Kg4 Ke8 58. e5 Bb2 59. Bf6
Rd3 60. e6 Bxf6 61. Nxf6+ Ke7 62. Ng8+ Kf8 63. Nh6 Ke7 64. Kf4 Rd1 65. Ng8+ Kf8
66. Nf6 Ke7 67. Ke5 Re1+ 68. Ne4 Kf8 69. f6 Ke8 70. Kf5 Rf1+ 71. Kg6 Rg1+ 72.
Ng5 Kf8 73. Kh5 Rh1+ 74. Kg4 Rf1 75. Ne4 Rg1+ 76. Kf4 Rf1+ 77. Ke5 Re1 78. Kd5
Rd1+ 79. Kc6 Re1 80. e7+ Kf7 81. Kd5 Rd1+ 82. Kc4 Rd7 83. Kc5 Rxe7 84. fxe7
Kxe7 1/2-1/2

[Event "Guernsey Open 2011"]
[Site "Guernsey, Channel Islands"]
[Date "2011.10.18"]
[Round "3"]
[White "Mack, Wolfgang"]
[Black "Pert, Nicholas"]
[Result "0-1"]
[WhiteElo "2279"]
[BlackElo "2557"]
[PlyCount "72"]
[EventDate "2011.10.16"]
[SourceDate "2011.11.07"]

1. c4 Nf6 2. g3 c6 3. Bg2 d5 4. Nf3 dxc4 5. Na3 e5 6. Qc2 Bxa3 7. bxa3 Qd5 8.
Bb2 Nbd7 9. Nh4 Qe6 10. Nf5 O-O 11. g4 Nxg4 12. h3 Nh6 13. Nxh6+ Qxh6 14. Qxc4
Nb6 15. Qb4 Re8 16. Rd1 Nd5 17. Qb3 Nf4 18. Bf1 Be6 19. Qg3 Qg6 20. Rg1 Bxa2
21. d4 exd4 22. Qxg6 hxg6 23. Rxd4 Ne6 24. Rd2 Rad8 25. Rg4 Rxd2 26. Kxd2 Rd8+
27. Kc2 Nc5 28. Rd4 Bb3+ 29. Kd2 Bd5 30. Kc2 b5 31. e3 Ne6 32. Rg4 Bf3 33. Rg3
Bd1+ 34. Kc1 Nc5 35. f4 Nb3+ 36. Kb1 Nd2+ 0-1

[Event "Guernsey Open 2011"]
[Site "Guernsey, Channel Islands"]
[Date "2011.10.18"]
[Round "3"]
[White "Hillarp Persson, Tiger"]
[Black "Havenaar, Jan"]
[Result "1-0"]
[WhiteElo "2535"]
[BlackElo "2156"]
[PlyCount "71"]
[EventDate "2011.10.16"]
[SourceDate "2011.11.07"]

1. d4 Nf6 2. c4 Nc6 3. Nf3 e6 4. Nc3 Bb4 5. Qc2 O-O 6. Bg5 h6 7. Bd2 d6 8. a3
Bxc3 9. Bxc3 Qe7 10. e4 e5 11. d5 Nb8 12. b4 b6 13. g3 Re8 14. Bg2 Nbd7 15. O-O
Nf8 16. Nh4 g6 17. f4 exf4 18. Rxf4 Ng4 19. Qd2 g5 20. Nf5 Bxf5 21. Rxf5 Ng6
22. Raf1 Rf8 23. h4 f6 24. Qe2 N4e5 25. h5 Nh8 26. Bh3 Kh7 27. R5f2 Kg7 28. c5
bxc5 29. bxc5 Rab8 30. Be6 Rb3 31. Qc2 Rxa3 32. Kg2 a5 33. Bxe5 fxe5 34. Rb1 a4
35. Rb7 Ra8 36. Qc4 1-0

[Event "Guernsey Open 2011"]
[Site "Guernsey, Channel Islands"]
[Date "2011.10.18"]
[Round "3"]
[White "Williams, Peter A"]
[Black "Hebden, Mark"]
[Result "0-1"]
[WhiteElo "2196"]
[BlackElo "2506"]
[PlyCount "80"]
[EventDate "2011.10.16"]
[SourceDate "2011.11.07"]

1. d4 Nf6 2. c4 g6 3. Nc3 Bg7 4. e4 d6 5. f4 O-O 6. Nf3 c5 7. d5 e6 8. Be2 exd5
9. exd5 Bf5 10. O-O Re8 11. Bd3 Qd7 12. Qc2 Bxd3 13. Qxd3 Na6 14. a3 Nc7 15.
Bd2 b5 16. b3 Rab8 17. Rae1 bxc4 18. bxc4 Rb3 19. Rxe8+ Nfxe8 20. Qc2 Rxa3 21.
Qb2 Ra4 22. Ne5 dxe5 23. Nxa4 Qxa4 24. Qb8 Qxc4 25. Ba5 e4 26. Rb1 Bd4+ 27. Kh1
Kg7 28. d6 Ne6 29. Qxe8 Qa2 30. Qb5 Nxf4 31. Qf1 Nd3 32. Rb7 Nf2+ 33. Kg1 Qxa5
34. d7 Qd8 35. g3 Nd3+ 36. Kg2 c4 37. Qe2 e3 38. Qg4 Qf6 39. Qe2 Qc6+ 40. Kg1
Nf2 0-1

[Event "Guernsey Open 2011"]
[Site "Guernsey, Channel Islands"]
[Date "2011.10.18"]
[Round "3"]
[White "Westerkamp, Bert"]
[Black "Reijneveld, Ad"]
[Result "1/2-1/2"]
[WhiteElo "2063"]
[BlackElo "2172"]
[PlyCount "47"]
[EventDate "2011.10.16"]
[SourceDate "2011.11.07"]

1. c4 c5 2. Nf3 Nc6 3. Nc3 g6 4. g3 Bg7 5. Bg2 Nf6 6. d4 cxd4 7. Nxd4 O-O 8.
O-O Nxd4 9. Qxd4 d6 10. Rd1 Be6 11. Qd3 Nd7 12. b3 Nc5 13. Qd2 a5 14. Bb2 a4
15. Nd5 Bxb2 16. Qxb2 Bxd5 17. Bxd5 Qb6 18. b4 a3 19. Qc3 Nd7 20. Rab1 Nf6 21.
Rb3 Ra4 22. Rxa3 Qxb4 23. Qxb4 Rxb4 24. Rb3 1/2-1/2

[Event "Guernsey Open 2011"]
[Site "Guernsey, Channel Islands"]
[Date "2011.10.18"]
[Round "3"]
[White "Norman, Kenneth I"]
[Black "Prins, Jan"]
[Result "1-0"]
[WhiteElo "2160"]
[BlackElo "2051"]
[PlyCount "157"]
[EventDate "2011.10.16"]
[SourceDate "2011.11.07"]

1. Nf3 b5 2. e4 Bb7 3. Bxb5 Bxe4 4. O-O a6 5. Ba4 e6 6. d4 Nf6 7. c4 Be7 8. Nc3
Bg6 9. Re1 O-O 10. d5 a5 11. Bf4 Nh5 12. Be3 Na6 13. Ne5 Nf6 14. dxe6 fxe6 15.
Nxd7 Nxd7 16. Qxd7 Nc5 17. Qxd8 Raxd8 18. Bc6 Nd3 19. Re2 Ne5 20. Be4 Bh5 21.
f3 Nxc4 22. Bf2 Rb8 23. b3 Nd6 24. Bc6 Bf6 25. Rc1 Be8 26. Ne4 e5 27. Bxe8 Nxe8
28. Nc5 Rf7 29. Rec2 h5 30. Be3 Rd8 31. Kf2 Rd5 32. Ke2 Be7 33. Ne6 Ba3 34. Rd1
Rxd1 35. Kxd1 Rd7+ 36. Ke2 Kf7 37. Nc5 Rd5 {(=)} 38. Ne4 Rb5 39. Kd3 Bd6 40.
Rc4 Rd5+ 41. Kc2 Ke7 42. Nc3 Nf6 43. Nxd5+ Nxd5 44. Bd2 Ke6 45. Kd3 Kf5 46. g3
g5 47. g4+ hxg4 48. Rxg4 Nf4+ 49. Bxf4 exf4 50. Kd4 Bb4 51. Kd5 Be7 52. Rg2 Bd6
53. a4 Bf8 54. h3 Bd6 55. Re2 Kg6 56. Rg2 Kh5 57. Kc6 Kh4 58. Rg4+ Kh5 59. Kd7
Be5 60. Ke6 Bc3 61. Kf5 Bd2 62. Rxg5+ Kh4 63. Rg7 Kxh3 64. Rxc7 Kg3 65. Ke4 Kf2
66. Rc2 Ke1 67. Kd3 Be3 68. Rb2 Bc5 69. Rc2 Bb4 70. Rh2 Bc5 71. Ke4 Be3 72. Rb2
Bd2 73. Kd3 Bb4 74. Rc2 Bd6 75. Ke4 Kd1 76. Rc6 Bb8 77. Rc5 Kd2 78. Rxa5 Kc3
79. Rb5 1-0

[Event "Guernsey Open 2011"]
[Site "Guernsey, Channel Islands"]
[Date "2011.10.18"]
[Round "3"]
[White "Thurlow, Kevin J"]
[Black "Goater, Kevin"]
[Result "0-1"]
[WhiteElo "2033"]
[BlackElo "2138"]
[PlyCount "64"]
[EventDate "2011.10.16"]
[SourceDate "2011.11.07"]

1. c4 e5 2. Nc3 Nc6 3. g3 g6 4. Bg2 Bg7 5. e3 d6 6. Nge2 h5 7. d4 h4 8. dxe5
Nxe5 9. Nf4 Nf6 10. Nd3 Bg4 11. Qa4+ c6 12. Nxe5 dxe5 13. h3 Be6 14. g4 Nd7 15.
Qb4 Qc7 16. Bd2 a5 17. Qb3 Nc5 18. Qc2 Bxc4 19. Ne4 Nxe4 20. Bxe4 Be6 21. Bc3
O-O 22. O-O f5 23. gxf5 gxf5 24. Bg2 Qf7 25. f4 e4 26. Rf2 Bxc3 27. Qxc3 Kh7
28. Qe5 Rg8 29. Kh1 Rg3 30. Re1 Bxa2 31. Kh2 Bd5 32. Rd2 Rag8 0-1

[Event "Guernsey Open 2011"]
[Site "Guernsey, Channel Islands"]
[Date "2011.10.18"]
[Round "3"]
[White "Burton, Ronnie"]
[Black "Taylor, Mark V"]
[Result "0-1"]
[WhiteElo "2024"]
[BlackElo "2131"]
[PlyCount "76"]
[EventDate "2011.10.16"]
[SourceDate "2011.11.07"]

1. d4 e6 2. g3 f5 3. Bg2 Nf6 4. Nh3 Be7 5. O-O O-O 6. c3 c6 7. Nd2 d5 8. Nf4
Bd6 9. Nd3 Nbd7 10. c4 Qe7 11. c5 Bc7 12. f4 b6 13. b4 a5 14. a4 axb4 15. Nxb4
Bb7 16. Ba3 bxc5 17. dxc5 Nxc5 18. Qc2 Bd6 19. Rfc1 Rfc8 20. Nd3 Nxd3 21. Bxd6
Qxd6 22. exd3 c5 23. Nc4 Qe7 24. Rcb1 Rc7 25. Ne5 Nd7 26. Nxd7 Qxd7 27. Rb6 Rc6
28. Rab1 Rxb6 29. Rxb6 Ba6 30. Qe2 Bc8 31. Rb5 Qa7 32. Qe5 c4+ 33. d4 Qxa4 34.
Rb8 Rxb8 35. Qxb8 Qc6 36. Qa7 c3 37. Qe7 c2 38. Qd8+ Kf7 0-1

[Event "Guernsey Open 2011"]
[Site "Guernsey, Channel Islands"]
[Date "2011.10.18"]
[Round "3"]
[White "Pleasants, Allan J"]
[Black "Ippel, Cornelius J"]
[Result "1-0"]
[WhiteElo "2079"]
[BlackElo "1969"]
[PlyCount "93"]
[EventDate "2011.10.16"]
[SourceDate "2011.11.07"]

1. Nf3 Nf6 2. d4 d5 3. e3 Bg4 4. c4 e6 5. Qb3 Bxf3 6. gxf3 b6 7. Nc3 Be7 8. Rg1
O-O 9. Bd2 c5 10. O-O-O cxd4 11. exd4 Nc6 12. Bh6 Ne8 13. cxd5 Na5 14. Qc2 exd5
15. Qf5 Qd6 16. Bf4 Qe6 17. Qxd5 Qxd5 18. Nxd5 Bf6 19. Nxf6+ Nxf6 20. Be5 Rac8+
21. Kb1 Nh5 22. Bh3 f5 23. Rge1 g6 24. Bf1 Nf6 25. Ba6 Rcd8 26. Rc1 Nd5 27. a3
Rfe8 28. Ka2 Re6 29. b4 Nc6 30. Bc4 Kf8 31. h4 Nxe5 32. dxe5 Re7 33. Kb3 Nf4
34. e6 Rd6 35. Ka4 Kg7 36. Rcd1 Rxd1 37. Rxd1 Kf6 38. Kb5 Ng2 39. Ka6 Nxh4 40.
Rd7 Nxf3 41. Rxa7 Ne5 42. Bd5 Ng4 43. Rxe7 Kxe7 44. Kxb6 Nxf2 45. a4 h5 46. a5
Ne4 47. a6 1-0

[Event "Guernsey Open 2011"]
[Site "Guernsey, Channel Islands"]
[Date "2011.10.18"]
[Round "3"]
[White "Kirk, Matthew"]
[Black "Brookes, Christopher"]
[Result "0-1"]
[WhiteElo "1727"]
[BlackElo "2122"]
[PlyCount "62"]
[EventDate "2011.10.16"]
[SourceDate "2011.11.07"]

1. d4 Nf6 2. c4 g6 3. Nc3 d5 4. cxd5 Nxd5 5. e4 Nxc3 6. bxc3 Bg7 7. Bc4 c5 8.
Ne2 O-O 9. O-O Nc6 10. Be3 Na5 11. Qd3 cxd4 12. cxd4 Nxc4 13. Qxc4 Qa5 14. Rac1
b6 15. Rfe1 Ba6 16. Qb3 Rac8 17. Nf4 {(=)} Bc4 18. Qc2 Bxa2 19. Qxc8 Qxe1+ 20.
Rxe1 Rxc8 21. Ra1 Rc2 22. Nd3 a5 23. Ne1 Rb2 24. Rc1 h5 25. Rc8+ Kh7 26. Rc7
Rb1 27. Kf1 b5 28. f3 Bc4+ 29. Kf2 Rb2+ 30. Kg3 Re2 31. Bf2 h4+ 0-1

[Event "Guernsey Open 2011"]
[Site "Guernsey, Channel Islands"]
[Date "2011.10.18"]
[Round "3"]
[White "Chernoff, John"]
[Black "Goris, Ton"]
[Result "1/2-1/2"]
[WhiteElo "2140"]
[BlackElo "1993"]
[PlyCount "110"]
[EventDate "2011.10.16"]
[SourceDate "2011.11.07"]

1. Nf3 Nf6 2. b3 e6 3. Bb2 d5 4. e3 Be7 5. Ne5 Nbd7 6. f4 Nxe5 7. fxe5 Nd7 8.
d4 c5 9. Bd3 cxd4 10. exd4 Bb4+ 11. c3 Be7 12. O-O f5 13. g4 Qb6 14. gxf5 Nxe5
15. Qh5+ Kd8 16. fxe6 Nxd3 17. Qxd5+ Qd6 18. Qxd6+ Bxd6 19. Ba3 Ke7 20. Bxd6+
Kxd6 21. Na3 Bxe6 22. Rf3 Nb2 23. Rb1 Bg4 24. Rg3 Nd1 25. Nc4+ Kc7 26. Rxg4
Nxc3 27. Rxg7+ Kc6 28. Re1 Rae8 29. Rxe8 Rxe8 30. Ne5+ Kb6 31. Rxh7 Ne2+ 32.
Kf2 Nxd4 33. Nc4+ Kc6 34. Na5+ Kb6 35. b4 Re2+ 36. Kg3 Rxa2 37. Rxb7+ Ka6 38.
Rd7 Nc2 39. Nc6 Kb6 40. Rd6 Kb5 41. Nd4+ Kxb4 42. h4 Nxd4 43. Rxd4+ Kc3 44. Rd7
a5 45. h5 Re2 46. h6 Re6 47. h7 Rh6 48. Kf4 a4 49. Kg5 Rh1 50. Rc7+ Kb2 51.
Rb7+ Ka2 52. Kg6 a3 53. Rb5 Rxh7 54. Kxh7 Ka1 55. Kg7 a2 1/2-1/2

[Event "Guernsey Open 2011"]
[Site "Guernsey, Channel Islands"]
[Date "2011.10.18"]
[Round "3"]
[White "Heppell, Ian"]
[Black "Bakker, Joop PA"]
[Result "1/2-1/2"]
[WhiteElo "2132"]
[BlackElo "1986"]
[PlyCount "65"]
[EventDate "2011.10.16"]
[SourceDate "2011.11.07"]

1. e4 d5 2. exd5 Qxd5 3. Nc3 Qa5 4. d4 Nf6 5. Nf3 Bg4 6. h3 Bxf3 7. Qxf3 c6 8.
Bd2 Nbd7 9. Bc4 Qc7 10. O-O-O e6 11. Rhe1 O-O-O 12. Kb1 Nb6 13. Bf4 Bd6 14.
Bxd6 Qxd6 15. Bb3 Rhe8 16. Ne4 Nxe4 17. Qxe4 h6 18. Qg4 Qf8 19. a3 Nd5 20. c4
Nf6 21. Qg3 Rd7 22. d5 exd5 23. Rxe8+ Qxe8 24. cxd5 Nxd5 25. Bxd5 Rxd5 26. Rxd5
cxd5 27. Qxg7 Qe1+ 28. Ka2 Qxf2 29. Qxh6 Qxg2 30. Qf8+ Kc7 31. Qxf7+ Kc6 32.
Qe6+ Kc5 33. Qe7+ 1/2-1/2

[Event "Guernsey Open 2011"]
[Site "Guernsey, Channel Islands"]
[Date "2011.10.18"]
[Round "3"]
[White "Casiot, David J"]
[Black "Reutimann, Hans Peter"]
[Result "1-0"]
[WhiteElo "2125"]
[BlackElo "1791"]
[PlyCount "51"]
[EventDate "2011.10.16"]
[SourceDate "2011.11.07"]

1. e4 e6 2. d4 d5 3. Nc3 dxe4 4. Nxe4 Nf6 5. Bd3 Be7 6. Nf3 Nc6 7. O-O O-O 8.
c3 b6 9. Qc2 Nd5 10. Re1 f5 11. Neg5 Rf6 12. a3 Bd6 13. Nh3 h6 14. c4 Nde7 15.
c5 bxc5 16. dxc5 Bxc5 17. Qxc5 Qxd3 18. Bd2 Qd6 19. Qc4 Nd5 20. Rad1 Nce7 21.
Bc3 Rf7 22. Ne5 Rf8 23. Qh4 Qc5 24. Bb4 Nxb4 25. axb4 Qc2 26. Qxe7 1-0

[Event "Guernsey Open 2011"]
[Site "Guernsey, Channel Islands"]
[Date "2011.10.18"]
[Round "3"]
[White "Wismayer, Clive R"]
[Black "Dennis, Nigel"]
[Result "1-0"]
[WhiteElo "2114"]
[BlackElo "1932"]
[PlyCount "69"]
[EventDate "2011.10.16"]
[SourceDate "2011.11.07"]

1. e4 c5 2. Nf3 e6 3. d3 d5 4. Nbd2 dxe4 5. dxe4 Nc6 6. c3 Nf6 7. Be2 Be7 8.
O-O O-O 9. Qc2 Qc7 10. Re1 a6 11. a4 b6 12. Bf1 Bb7 13. Nc4 b5 14. Ne3 b4 15.
Nc4 Na5 16. Nxa5 Qxa5 17. Nd2 Rac8 18. e5 Nd7 19. Nc4 Qc7 20. a5 Nb8 21. Bf4
Nc6 22. Re3 Rfe8 23. Bd3 g6 24. Qe2 Rcd8 25. Bc2 Bf8 26. Qg4 Bg7 27. h4 h5 28.
Qe2 Rd5 29. Nd6 Rd8 30. Bb3 c4 31. Qxc4 Rxa5 32. Rxa5 Rxd6 33. Rc5 Rd2 34. Ba4
bxc3 35. Rxc3 1-0

[Event "Guernsey Open 2011"]
[Site "Guernsey, Channel Islands"]
[Date "2011.10.18"]
[Round "3"]
[White "Dijksterhuis, Rolf"]
[Black "Minnican, Alan William"]
[Result "0-1"]
[WhiteElo "1998"]
[BlackElo "2106"]
[PlyCount "84"]
[EventDate "2011.10.16"]
[SourceDate "2011.11.07"]

1. d4 e6 2. e4 d5 3. Nc3 Bb4 4. Nge2 Nc6 5. e5 f6 6. f4 Nh6 7. Ng3 O-O 8. Bd3
fxe5 9. dxe5 Qh4 10. O-O Ng4 11. h3 Bc5+ 12. Kh1 Nf2+ 13. Rxf2 Bxf2 14. Nh5 Bd7
15. Be2 Nd4 16. Bg4 Nf5 17. Nxd5 Be8 18. g3 Qd8 19. Nc3 Qxd1+ 20. Nxd1 Bxh5 21.
Nxf2 Bxg4 22. hxg4 Nxg3+ 23. Kg2 Ne2 24. Nd3 Nxc1 25. Rxc1 b6 26. Rf1 g6 27.
Kg3 Rad8 28. Rf2 a5 29. a4 Kg7 30. b3 h5 31. gxh5 gxh5 32. Kh4 Kh6 33. Rf3 Rd4
34. Kh3 c5 35. Rg3 c4 36. bxc4 Rxc4 37. Rg5 Rxa4 38. Kg3 Rfxf4 39. Nxf4 Kxg5
40. Nxe6+ Kf5 41. Ng7+ Kxe5 42. Nxh5 Rc4 0-1

[Event "Guernsey Open 2011"]
[Site "Guernsey, Channel Islands"]
[Date "2011.10.18"]
[Round "3"]
[White "Collier, David"]
[Black "Fassaert, Desire"]
[Result "1-0"]
[WhiteElo "2100"]
[BlackElo "1930"]
[PlyCount "55"]
[EventDate "2011.10.16"]
[SourceDate "2011.11.07"]

1. d4 Nf6 2. Bg5 e6 3. Nd2 c5 4. e3 cxd4 5. exd4 Be7 6. Ngf3 b6 7. a4 Nc6 8. c3
Bb7 9. Bd3 Rc8 10. O-O O-O 11. Re1 Nd5 12. Bxe7 Qxe7 13. Nc4 Nf4 14. Bf1 Rfd8
15. Ne3 Qf6 16. g3 Ng6 17. Bg2 Na5 18. Qe2 Bxf3 19. Bxf3 d5 20. Bg2 Rd7 21. f4
Ne7 22. Ng4 Qf5 23. Bh3 Kh8 24. Qf2 Rdc7 25. Re5 Qd3 26. Bf1 Qg6 27. Rg5 Qe4
28. Re1 1-0

[Event "Guernsey Open 2011"]
[Site "Guernsey, Channel Islands"]
[Date "2011.10.18"]
[Round "3"]
[White "De Kruif, Kees"]
[Black "Purdon, Colin"]
[Result "1/2-1/2"]
[WhiteElo "1953"]
[BlackElo "2075"]
[PlyCount "59"]
[EventDate "2011.10.16"]
[SourceDate "2011.11.07"]

1. b4 d5 2. Bb2 Nf6 3. Nf3 e6 4. a3 a5 5. b5 c5 6. e3 Nbd7 7. Be2 Bd6 8. O-O
O-O 9. d3 b6 10. c4 Bb7 11. h3 dxc4 12. dxc4 Qe7 13. Nc3 Rad8 14. Qc2 Ne5 15.
Nd2 Bc7 16. Rad1 Rd7 17. f4 Ng6 18. Bf3 Bxf3 19. Nxf3 Rfd8 20. Rxd7 Rxd7 21.
Ne4 Nxe4 22. Qxe4 Qd8 23. Qc2 Ne7 24. g4 f6 25. Rf2 Rd1+ 26. Kg2 Qd3 27. Qxd3
Rxd3 28. Re2 Kf7 29. Kf2 Nc8 30. Rd2 1/2-1/2

[Event "Guernsey Open 2011"]
[Site "Guernsey, Channel Islands"]
[Date "2011.10.18"]
[Round "3"]
[White "Maruejols, Claude"]
[Black "Bakkes, Frits"]
[Result "1-0"]
[WhiteElo "2034"]
[BlackElo "1605"]
[PlyCount "71"]
[EventDate "2011.10.16"]
[SourceDate "2011.11.07"]

1. d4 e5 2. dxe5 Nc6 3. Nf3 Qe7 4. Bf4 Qb4+ 5. Bd2 Qxb2 6. Nc3 Nb4 7. Nd4 c6 8.
Rb1 Qa3 9. Rb3 Qa5 10. a3 Nd5 11. Ncb5 Qd8 12. e4 Nc7 13. Bg5 Be7 14. Nd6+ Kf8
15. Qf3 f6 16. exf6 gxf6 17. N4f5 h5 18. Bc4 Ne6 19. Be3 Qa5+ 20. Bd2 Qe5 21.
Bc3 Qf4 22. Qxf4 Nxf4 23. O-O b5 24. Bd3 a5 25. e5 Nd5 26. Bd4 fxe5 27. Bxe5
Bf6 28. f4 Nh6 29. Ng3 Ng4 30. Be4 a4 31. Rd3 Ne7 32. h3 Kg7 33. hxg4 Bxe5 34.
fxe5 hxg4 35. Nxc8 Raxc8 36. Rxd7 1-0

[Event "Guernsey Open 2011"]
[Site "Guernsey, Channel Islands"]
[Date "2011.10.18"]
[Round "3"]
[White "Morcom, Hugh"]
[Black "Hauptmann, Thomas"]
[Result "1-0"]
[WhiteElo "1955"]
[BlackElo "2018"]
[PlyCount "57"]
[EventDate "2011.10.16"]
[SourceDate "2011.11.07"]

1. e4 c6 2. d3 d5 3. Nd2 g6 4. Ngf3 Bg7 5. g3 e6 6. Bg2 Ne7 7. O-O O-O 8. Re1
Nd7 9. Qe2 Qc7 10. h4 d4 11. Nf1 e5 12. N1h2 Nf6 13. Ng5 h5 14. Rf1 Ng4 15. f3
Nxh2 16. Kxh2 f6 17. Nh3 c5 18. Bd2 Bd7 19. Rf2 Rae8 20. Raf1 b5 21. Kh1 a5 22.
f4 f5 23. Ng5 Nc6 24. Qd1 a4 25. exf5 Bxf5 26. Bd5+ Kh8 27. fxe5 Bg4 28. Rxf8+
Bxf8 29. Rf7 1-0

[Event "Guernsey Open 2011"]
[Site "Guernsey, Channel Islands"]
[Date "2011.10.18"]
[Round "3"]
[White "Von Saldern, Rudiger"]
[Black "Vonhoff, Nils"]
[Result "1-0"]
[WhiteElo "2010"]
[BlackElo "1751"]
[PlyCount "115"]
[EventDate "2011.10.16"]
[SourceDate "2011.11.07"]

1. d4 Nf6 2. Nf3 g6 3. Bg5 Bg7 4. c3 d5 5. e3 O-O 6. Bd3 Nbd7 7. Nbd2 c5 8. O-O
Re8 9. Bb5 Qb6 10. Bxd7 Nxd7 11. Qb3 Qxb3 12. axb3 e5 13. dxe5 Nxe5 14. Nxe5
Bxe5 15. Nf3 Bg7 16. Rfd1 Be6 17. h3 h6 18. Bf4 Rec8 19. Rd2 Rc6 20. Ne5 Rb6
21. Nd3 Rc6 22. b4 b6 23. Ra6 Bc8 24. Ra1 Bb7 25. Be5 f6 26. Bg3 g5 27. h4 a5
28. bxa5 bxa5 29. b4 cxb4 30. cxb4 a4 31. Nc5 Rb6 32. Rxa4 Rxa4 33. Nxa4 Rxb4
34. Nc5 gxh4 35. Bf4 Bc6 36. Ne6 Kf7 37. Nd4 Bd7 38. Nf3 Be6 39. Nxh4 f5 40.
Nf3 Ke7 41. Be5 Bf8 42. Nd4 Bd7 43. Kh2 Rb6 44. Ra2 Rb7 45. Kg3 Rb6 46. Ra7
Rg6+ 47. Kh2 Ke8 48. Ra5 Be6 49. Nxe6 Rxe6 50. Rxd5 Kf7 51. Bd4 Bd6+ 52. Kh3
Kg6 53. g4 f4 54. e4 Be7 55. Be5 Bg5 56. Rd6 Kf7 57. Rxe6 Kxe6 58. Bb8 1-0

[Event "Guernsey Open 2011"]
[Site "Guernsey, Channel Islands"]
[Date "2011.10.18"]
[Round "3"]
[White "Brookfield, Toby"]
[Black "Canonne, Antoine"]
[Result "0-1"]
[WhiteElo "1802"]
[BlackElo "2007"]
[PlyCount "46"]
[EventDate "2011.10.16"]
[SourceDate "2011.11.07"]

1. e4 c5 2. Nf3 e6 3. d4 cxd4 4. Nxd4 Bc5 5. Be3 Qb6 6. c3 Nc6 7. Nd2 Bxd4 8.
cxd4 d5 9. e5 Nge7 10. Nb3 Nf5 11. a3 O-O 12. Bd3 Nce7 13. g4 Nxe3 14. fxe3 Bd7
15. Nc5 Bc6 16. Qc2 Qd8 17. Bxh7+ Kh8 18. h4 b6 19. Nxe6 fxe6 20. h5 Ba4 21.
Qd3 Rc8 22. Rh2 Bb5 23. Qb1 Rf1+ 0-1

[Event "Guernsey Open 2011"]
[Site "Guernsey, Channel Islands"]
[Date "2011.10.18"]
[Round "3"]
[White "Pickersgill, Adrian"]
[Black "Goris Schouwstra, Adri"]
[Result "0-1"]
[WhiteElo "2002"]
[BlackElo "1862"]
[PlyCount "98"]
[EventDate "2011.10.16"]
[SourceDate "2011.11.07"]

1. e4 e6 2. d4 d5 3. Nc3 Nf6 4. e5 Nfd7 5. f4 c5 6. Nf3 Nc6 7. Be3 cxd4 8. Nxd4
Nxd4 9. Bxd4 a6 10. Ne2 g6 11. g3 Bg7 12. Bg2 O-O 13. O-O f6 14. exf6 Bxf6 15.
c3 Kg7 16. Qd2 Bxd4+ 17. Nxd4 Nf6 18. Rae1 Qb6 19. Qf2 Qd6 20. h3 Bd7 21. Re3
Rae8 22. Rfe1 Re7 23. Re5 Rfe8 24. g4 Bc6 25. Qe2 Kf7 26. Nf3 h6 27. Qc2 Nd7
28. Nh4 Rg8 29. R5e3 Nf8 30. f5 e5 31. fxg6+ Nxg6 32. Nf5 Qf6 33. Nxh6+ Kf8 34.
Nxg8 Kxg8 35. Qf5 Qg7 36. Rf1 Nh4 37. Qc8+ Re8 38. Bxd5+ Kh7 39. Be4+ Kh8 40.
Qxe8+ Bxe8 41. Rd3 Qe7 42. Rfd1 Qc5+ 43. Kh1 Kg7 44. Bxb7 Qb6 45. Be4 Qxb2 46.
Rd8 Qe2 47. Bb7 Nf3 48. Bxf3 Qxf3+ 49. Kh2 Qf2+ 0-1

[Event "Guernsey Open 2011"]
[Site "Guernsey, Channel Islands"]
[Date "2011.10.18"]
[Round "3"]
[White "Coenen, Albert"]
[Black "Glover, John"]
[Result "1/2-1/2"]
[WhiteElo "1932"]
[BlackElo "1857"]
[PlyCount "37"]
[EventDate "2011.10.16"]
[SourceDate "2011.11.07"]

1. d4 Nf6 2. c4 c5 3. d5 b5 4. a4 bxc4 5. Nc3 g6 6. e4 d6 7. f4 Bg7 8. Nf3 O-O
9. Bxc4 Na6 10. O-O Nb4 11. e5 dxe5 12. fxe5 Nd7 13. Be3 Nxe5 14. Nxe5 Bxe5 15.
Bxc5 Bd6 16. Bxd6 Qxd6 17. Qe2 Ba6 18. Bxa6 Nxa6 19. Rad1 1/2-1/2

[Event "Guernsey Open 2011"]
[Site "Guernsey, Channel Islands"]
[Date "2011.10.18"]
[Round "3"]
[White "Knight, Tim R"]
[Black "Carlucci, Paul"]
[Result "1/2-1/2"]
[WhiteElo "1744"]
[BlackElo "1898"]
[PlyCount "43"]
[EventDate "2011.10.16"]
[SourceDate "2011.11.07"]

1. b4 Nf6 2. Bb2 b6 3. e3 Bb7 4. Nf3 g6 5. c4 Bg7 6. d4 O-O 7. Be2 d6 8. O-O
Nbd7 9. Nbd2 Re8 10. Nb3 c5 11. bxc5 dxc5 12. d5 b5 13. cxb5 Bxd5 14. Rc1 Rc8
15. Bc4 Bxc4 16. Rxc4 Qb6 17. a4 a6 18. bxa6 Qxa6 19. Qc2 Nb6 20. Rxc5 Qxa4 21.
Rxc8 Rxc8 22. Qd3 1/2-1/2